| 000 | 00000nam##2200000za#4500 |
| 001 | 9.679526 |
| 003 | CaOODSP |
| 005 | 20200328192717 |
| 007 | ta |
| 008 | 150407|1995||||xxc||||| f|0| 0 fre|d |
| 020 | |a0-662-80330-2 |
| 040 | |aCaOODSP|bfre |
| 043 | |an-cn--- |
| 086 | 1 |aP35-85/1995F |
| 110 | 1 |aCanada.|bTravaux publics et Services gouvernementaux Canada.|bDirection générale des services immobiliers. |
| 245 | 13|aLe barrage-écluse St. Andrews : |bLockport, Manitoba / |cPublié par la Direction générale des services immobiliers. |
| 260 | |aEdmonton - Alberta : |bTravaux publics et Services gouvernementaux Canada. |c1995. |
| 563 | |aDépliant |
| 590 | |a95-45|b1995-11-10 |
| 691 | 07|aBarrage|2gcpds |
| 775 | 08|tSt. Andrews lock and dam : |w(CaOODSP)9.645909 |